000 00448nam a2200193Ia 4500
008 170918s9999 xx 000 0 und d
020 _a9780531209301
050 _bM298 2012
100 _aMara, Wil
245 _aTyrannosaurus rex /
245 _cby Wil Mara.
260 _aNew York :
260 _bChildren's Press,
260 _c2012
300 _a32 pages :
300 _bcolored illustration ;
300 _c18cm.
500 _a240
999 _c343110
_d343110